| 000 | 01629cam a22003854a 4500 | ||
|---|---|---|---|
| 001 | 94948 | ||
| 005 | 20230410121044.0 | ||
| 008 | 080724s2008 ag ab b 000 0 spa | ||
| 010 | _a 2008462895 | ||
| 035 | _a(OCoLC)ocn253493560 | ||
| 040 |
_aDLC _cDLC _dFQG _dCUY _dIXA |
||
| 020 | _a9789876010528 | ||
| 020 | _a9876010522 | ||
| 035 | _a(OCoLC)253493560 | ||
| 043 | _as-ag--- | ||
| 050 | 1 | 4 |
_aJL 2099 _bG514c 2008 |
| 082 | 0 | 0 | _a306.20982/12 |
| 100 | 1 | _aGiovine, Renata. | |
| 245 | 1 | 0 |
_aCultura política, ciudadanía y gobierno escolar : _btensiones en torno a su definición : la provincia de Buenos Aires, 1850-1905 / _cRenata Giovine. |
| 260 |
_aCiudad de Buenos Aires : _bEditorial Stella : _bLa Crujía, _c2008. |
||
| 300 |
_a213 p. : _bill., maps ; _c20 cm. |
||
| 490 | 1 | _aLcrj' Itinerarios | |
| 504 | _aIncludes bibliographical references (p. [201]-213). | ||
| 650 | 0 |
_aPolitical culture _zArgentina _zBuenos Aires (Province) |
|
| 650 | 0 |
_aCitizenship _zArgentina _zBuenos Aires (Province) |
|
| 650 | 0 |
_aEducation _xPolitical aspects _zArgentina _zBuenos Aires (Province) |
|
| 650 | 4 |
_aLa cultura politica _zArgentina _zBuenos aires (Provincia) |
|
| 650 | 4 |
_aCiudadanía _zArgentina _zBuenos aires (Provincia) |
|
| 650 | 4 |
_aEducación _xAspectos politicos _zArgentina _z(Provincia) |
|
| 776 | 0 | 8 |
_iOnline version: _aGiovine, Renata. _tCultura política, ciudadanía y gobierno escolar. _dCiudad de Buenos Aires : Editorial Stella : La Crujía, 2008 _w(OCoLC)653033887 |
| 830 | 0 | _aColección Itinerarios (Editorial Stella (Buenos Aires, Argentina)) | |
| 942 |
_2lcc _cbk |
||
| 946 | _asadt | ||
| 994 |
_aC0 _bDRFGD |
||
| 999 |
_c57060 _d57060 |
||